000
00438nam a22001337a 4500
003
SGT
020
_a
9788194428039
082
_a
301.2
_b
M20K
100
_a
कोठरी, गुलाब
245
_a
मेरा राजस्थान : लोकजीवन की बानगी
260
_b
इंदिरा गाँधी राष्ट्रीय कला केंद्र
_c
2020
300
_a
297
942
_2
ddc
_c
BK
999
_c
31926
_d
31926